| 000 | 00713nam a2200193Ia 4500 | ||
|---|---|---|---|
| 003 | GCL | ||
| 008 | 140319s9999 xx 000 0 ara d | ||
| 040 |
_aGCL / _cGCL |
||
| 082 | 0 | 4 |
_a811.6 _bا ب |
| 100 | 1 | _aالقرطبى, ابى عمر يوسف ابن عبد | |
| 245 | 1 | 0 |
_aبهجة المجالس وانس المجالس : _bوشحذ الذاهن والهامش / _cالقرطبى, ابى عمر يوسف ابن عبد |
| 700 | 1 | _aمحمد مرسى الخولى | |
| 260 |
_aبيروت : _bدار الكتب العلمية للنشر والتوزيع |
||
| 300 |
_a149 ص ؛ _c24 سم |
||
| 490 | _a | ||
| 650 | 0 | 4 | _aالادب العربى |
| 650 | 0 | 4 | _aالشعر الاندلسى |
| 942 |
_2ddc _cBK |
||
| 999 |
_c53827 _d53827 |
||